ABI/BCIS house rebuilding cost index (Record no. 118794)

MARC details
000 -LEADER
fixed length control field 01247cai a22002055a 4500
001 - CONTROL NUMBER
control field ##L129231
008 - FIXED-LENGTH DATA ELEMENTS--GENERAL INFORMATION
fixed length control field 050404c1978 xxkmr w ss 000 0 eng d
035 ## - SYSTEM CONTROL NUMBER
System control number (Sirsi) u129231
041 0# - LANGUAGE CODE
Language code of text/sound track or separate title eng
110 2# - MAIN ENTRY--CORPORATE NAME
Corporate name or jurisdiction name as entry element Building Cost Information Service
9 (RLIN) 1096
245 00 - TITLE STATEMENT
Title ABI/BCIS house rebuilding cost index
260 ## - PUBLICATION, DISTRIBUTION, ETC.
Place of publication, distribution, etc. London
Name of publisher, distributor, etc. BCIS
Date of publication, distribution, etc. 1978-
520 ## - SUMMARY, ETC.
Summary, etc. The "ABI/BCIS house rebuilding cost index" for October 2007 is 228.6. The index is widely used for index linking the sum insured between annual revisions of domestic house insurance policies and for those revisions. BCIS recommends that the rebuilding cost is checked regularly (at least every five years), rather than relying on index linking over long periods. The current guidance tables are at January 2004 prices when the index stood at 184.0. Between January 2004 and March 2005 the index rose by 6.0%. The base of the index is September 1988 = 100.
590 ## - LOCAL NOTE (RLIN)
Local note KA
650 24 - SUBJECT ADDED ENTRY--TOPICAL TERM
Topical term or geographic name entry element ABI/BCIS HOUSE REBUILDING COST INDEX
690 ## - LOCAL SUBJECT ADDED ENTRY--TOPICAL TERM (OCLC, RLIN)
Topical term or geographic name as entry element BUILT ENVIRONMENT-BUILDING COSTS-REINSTATEMENT COSTS
710 2# - ADDED ENTRY--CORPORATE NAME
Corporate name or jurisdiction name as entry element Association of British Insurers
9 (RLIN) 3272
856 40 - ELECTRONIC LOCATION AND ACCESS
Uniform Resource Identifier <a href="https://www.bcis.co.uk/RebuildingCosts/Index/rebuildingcosts.htm">https://www.bcis.co.uk/RebuildingCosts/Index/rebuildingcosts.htm</a>
Public note View the index free of charge at www.bcis.co.uk...
942 ## - ADDED ENTRY ELEMENTS (KOHA)
Suppress in OPAC 0
Holdings
Withdrawn status Lost status Source of classification or shelving scheme Damaged status Not for loan Home library Current library Shelving location Date acquired Total Checkouts Full call number Barcode Date last seen Copy number Price effective from Koha item type
    Dewey Decimal Classification     Virtual Virtual Online 04/04/2005   ONLINE PUBLICATION 129231-1001 06/08/2019 1 06/08/2019 Book